| 000 | 00517nam a22001931c 4500 | ||
|---|---|---|---|
| 001 | a987678718 | ||
| 008 | 170117s1949 gw |||| 000u ger d | ||
| 041 | _ager | ||
| 100 | 1 | _aDuesterberg, Theodor | |
| 245 | 0 | 4 | _aDer Stahlhelm und Hitler |
| 264 |
_aWolfenbüttel; Hannover : _bWolfenbütteler Verl.-Anst., _c1949 |
||
| 300 | _a155 Seiten | ||
| 600 | 0 | _aHitler, Adolf | |
| 610 | 0 | _aStahlhelm, Bund der Frontsoldaten | |
| 650 | 0 | _aSoldatenverband | |
| 942 | _cMG | ||
| 040 | _cRU-10907106 | ||
| 003 | RU-10907106 | ||
| 999 |
_c13768 _d13768 |
||